Statistiques concernant Toyota, Honda ou Mazda ?

Cliquez ici pour prendre le quiz!

Statistiques générales

  • Ce quiz a été pris 83 fois
  • Le résultat moyen est 5 sur 12

Statistiques - réponses

QuestionRéponse% Correct
Fabrique aussi des motosHonda
87%
A plus de voitures vendues aux États-UnisToyota
74%
Le logo est exprimé par une paire d'ailesMazda
55%
Fabrique le C-HRToyota
54%
Avait un partenariat avec Ford Motor CompanyMazda
41%
A un club de football nommé d'après la marqueHonda
40%
Première marque automobile japonaise à remporter les 24 Heures du MansMazda
40%
Fondée à HiroshimaMazda
33%
Nommé d'après une villeToyota
29%
Premier à créer une marque de luxeHonda
26%
A commencé comme une entreprise textileToyota
21%
A été fondée en premierMazda
13%

Distribution des résultats

Percentile par nombre de réponses

% des personnes avec chaque résultat

Votre développement - résultats

Vous n’avez pas pris ce quiz